| Tag |
First Indicator |
Second Indicator |
Subfields |
| LEADER |
00000pam a2200000 a 4500 |
| 001 |
in00002109313 |
| 005 |
20151103050647.0 |
| 008 |
050301s2006 njua b s001 0 eng |
| 010 |
|
|
|a 2005004836
|
| 020 |
|
|
|a 0813536995
|
| 020 |
|
|
|a 0813537002 (pbk.)
|
| 024 |
3 |
|
|a 9780813536996
|
| 024 |
3 |
|
|a 9780813537009
|
| 035 |
|
|
|a (OCoLC)ocm58043426
|
| 040 |
|
|
|a DLC
|c DLC
|d BAKER
|d C#P
|d UtOrBLW
|
| 043 |
|
|
|a n-us---
|
| 049 |
|
|
|a TXAM
|
| 050 |
0 |
0 |
|a PN1993.5.U6
|b A8574 2006
|
| 082 |
0 |
0 |
|a 791.43/0973/09044
|2 22
|
| 245 |
0 |
0 |
|a American cinema of the 1940s :
|b themes and variations /
|c edited by Wheeler Winston Dixon.
|
| 246 |
3 |
|
|a American cinema of the nineteen forties
|
| 264 |
|
1 |
|a New Brunswick, N.J. :
|b Rutgers University Press,
|c [2006]
|
| 264 |
|
4 |
|c ©2006
|
| 300 |
|
|
|a xiv, 283 pages :
|b illustrations ;
|c 24 cm.
|
| 336 |
|
|
|a text
|b txt
|2 rdacontent
|
| 337 |
|
|
|a unmediated
|b n
|2 rdamedia
|
| 338 |
|
|
|a volume
|b nc
|2 rdacarrier
|
| 490 |
1 |
|
|a Screen decades
|
| 504 |
|
|
|a Includes bibliographical references (pages 251-259) and index.
|
| 505 |
0 |
|
|a Movies and the 1940s / Wheeler Winston Dixon -- Movies and the reassessment of America / Matthew Bernstein -- Movies on the edge of war / Sarah Kozloff -- Movies and the march to war / Steven Jay Schneider -- Movies and national identity / Catherine L. Preston -- Movies and the renegotiation of genre / Nicholas Spencer -- Movies and the march home / Kristine Butler Karlson -- Movies and postwar recovery / Wheeler Winston Dixon -- Movies and the "enemy" within / Tony Williams -- Movies and the family / Joanna Rapf -- Movies and the fate of genre / Marcia Landy.
|
| 650 |
|
0 |
|a Motion pictures
|z United States
|x History.
|
| 650 |
|
0 |
|a Motion pictures
|x Social aspects
|z United States.
|
| 700 |
1 |
|
|a Dixon, Wheeler W.,
|d 1950-
|
| 830 |
|
0 |
|a Screen decades.
|
| 856 |
4 |
1 |
|3 Table of contents
|u http://www.loc.gov/catdir/toc/ecip058/2005004836.html
|t 0
|
| 938 |
|
|
|a Baker & Taylor
|b BKTY
|c 62.00
|d 62.00
|i 0813536995
|n 0006444436
|s active
|
| 938 |
|
|
|a Baker & Taylor
|b BKTY
|c 22.95
|d 22.95
|i 0813537002
|n 0006445408
|s active
|
| 945 |
|
|
|i PromptCat
|
| 947 |
|
|
|a A14832766176
|
| 948 |
|
|
|a cataloged
|b h
|c 2006/3/3
|d c
|e achopde
|f 10:17:00 am
|
| 994 |
|
|
|a 92
|b TXA
|
| 999 |
|
|
|a MARS
|
| 999 |
f |
f |
|s 8048fa7c-1895-3640-8c5d-7b7a5ededf31
|i 4dd7415d-22cb-3c09-b0bd-16abc28ea3c3
|t 0
|
| 952 |
f |
f |
|p normal
|a Texas A&M University
|b College Station
|c Sterling C. Evans Library
|d Evans: Library Stacks
|t 0
|e PN1993.5.U6 A8574 2006
|h Library of Congress classification
|i unmediated -- volume
|m A14832766176
|
| 998 |
f |
f |
|a PN1993.5.U6 A8574 2006
|t 0
|l Evans: Library Stacks
|